Invités Zen Saison 2 - Statistiques

Statistiques générales
  • Ce quiz a été pris 289 fois
    189 depuis la dernière actualisation
  • Le résultat moyen est 12 sur 19
Statistiques - réponses
Émission Invité(s) % Correct
#19 Squeezie
95%
#18 Djilsi
80%
#17 Joyca
76%
#12 Théodort
75%
#16 Mister V
74%
#15 SEB
74%
#1 Bigflo
71%
#8 Mcfly et Carlito
71%
#11 Lena Situations
68%
#5 Billy (RebeuDeter)
67%
#6 Terracid
62%
#2 Cyprien
60%
#7 Inoxtag
59%
#4 Feldup
58%
#14 Kev Adams
57%
#3 Kameto
52%
#13 Freddy Gladieux
50%
#9 Maskey
44%
#10 Kronomuzik
31%
Aucun quiz correspondant
Distribution des résultats
% des personnes avec chaque résultat
Percentile par nombre de réponses
Votre historique - résultats
Vous n’avez pas pris ce quiz depuis la dernière actualisation